000 01126naa a2200313 c 4500
001 41014
003 ES-MaCES
005 20150724120123.0
008 101202n2010 xxud t 000 | eng d
035 _aCES20100013543v
040 _aES-MaCES
_bspa
_cES-MaCES
100 1 _aMcarthur, David Philip
_918231
245 1 2 _aA micro-simulation approach to modelling spatial unemployment disparities
_cDavid Philip Mcarthur, Inge Thorsen, Jan Uboe
500 _aResumen
650 4 _aReino Unido
_926967
650 4 _amodelo econométrico
_929368
650 4 _aflexibilidad del trabajo
_930174
650 4 _aempleo
_928299
650 4 _adesempleo de larga duración
_930412
650 4 _acrisis económica
_927102
653 1 0 _aRelaciones laborales-Empleo
650 4 _929516
_areducción de la duración del trabajo
700 1 _aUboe, Jan
_925293
700 1 _aThorsen, Inge
_924889
773 0 _tGrowth and change
_gvol. 41, no. 3 (Sept. 2010){10254 R. 077919}; p. 374-402
_w(ES-MaCES)25267
_946515
902 _aART Artículo de revista
942 _2CES
_cAR
_h2.0.
999 _c41014
_d41014